<?xml version="1.0" encoding="UTF-8"?>
<marc:record xmlns:marc="http://www.loc.gov/MARC21/slim">
   <marc:leader>00000nam a2200000 a 4500</marc:leader>
   <marc:datafield ind1=" " ind2=" " tag="653">
      <marc:subfield code="a">Anleitung</marc:subfield>
   </marc:datafield>
   <marc:datafield ind1=" " ind2=" " tag="653">
      <marc:subfield code="a">Holzplastik</marc:subfield>
   </marc:datafield>
   <marc:datafield ind1=" " ind2=" " tag="653">
      <marc:subfield code="a">Holzschnitzerei</marc:subfield>
   </marc:datafield>
   <marc:datafield ind1="0" ind2="0" tag="245">
      <marc:subfield code="a">Schnitzen für Einsteiger</marc:subfield>
   </marc:datafield>
   <marc:datafield ind1="0" ind2="0" tag="245">
      <marc:subfield code="b">Mit Schritt-für-Schritt-Anleitungen</marc:subfield>
   </marc:datafield>
   <marc:datafield ind1=" " ind2="1" tag="264">
      <marc:subfield code="b">Augustus-Verl.</marc:subfield>
      <marc:subfield code="c">1993</marc:subfield>
   </marc:datafield>
   <marc:datafield ind1="1" ind2=" " tag="520">
      <marc:subfield code="a">Ein anschaulicher Schnitzkurs für Anfänger, der - bei steigendem Schwierigkeitsgrad - von der Erlangung der Grundfertigkeiten mit den Werkzeugen in mehreren Stufen bis hin zur kleinen Vollplastik führt. Die einzelnen Arbeitsschritte werden in anschaulichen Fotos dargestellt und gut verständlich erklärt. Auf besondere Schwierigkeiten wird hingewiesen; nützliche Hinweise sind optisch hervorgehoben. Dem Kurs vorangestellt sind Kapitel über den Werkstoff, über die Werkzeuge und ihre Handhabung und Pflege sowie über die Einrichtung eines geeigneten Arbeitsplatzes. - Die Übungsschnitzereien sind nicht anspruchsvoll, wenngleich sie beim 1. Mal wohl nicht so gut gelingen werden wie auf den Fotos. - Breit einsetzbar, wie die z.T. vergriffenen Titel von W. Sack (BA 5/78), L. Eggen (BA 5/78) und H.-D. Wilden (BA 9/80). (2)</marc:subfield>
   </marc:datafield>
   <marc:datafield ind1="3" ind2=" " tag="024">
      <marc:subfield code="a">3804301940</marc:subfield>
   </marc:datafield>
   <marc:datafield ind1=" " ind2=" " tag="041">
      <marc:subfield code="a">ger</marc:subfield>
   </marc:datafield>
   <marc:datafield ind1=" " ind2=" " tag="338">
      <marc:subfield code="a">Band</marc:subfield>
   </marc:datafield>
</marc:record>
